| 000 | 00839nam a22002177a 4500 | ||
|---|---|---|---|
| 999 |
_c20551 _d20551 |
||
| 003 | AR-CdUCM | ||
| 008 | 190221b ||||| |||| 00| 0 eng d | ||
| 040 |
_aMUNICIPALIDAD PROVINCIAL DEL CUSCO _cBIBLIOTECA MUNICIPAL DEL CUSCO |
||
| 082 |
_a985.7 / _bAL49 |
||
| 100 |
_aAlvarez Lobo, José _9211 |
||
| 245 | _aCartas del Obispo Valdivieso / | ||
| 260 |
_aCusco : _bCentro de estudios regionales andinos "Bartolome de las casas", _c1992. |
||
| 300 |
_a230 paginas ; _c21 cm. |
||
| 505 | _aContenido: Monseñor Antonio Valdivieso -- La noticia -- Algunos informes de la Nicaragua de los años 1540 - 1550 -- Cartas de Fray Antonio de Valdivieso... | ||
| 650 |
_aliteratura _9212 |
||
| 650 |
_acartas _9213 |
||
| 650 |
_aAcercamiento al pensamiento _9214 |
||
| 650 |
_aEscritos _9215 |
||
| 942 |
_2ddc _cLIBROS |
||
| 945 |
_adavv _d2019-05-31 |
||